[Event "MAS-ch Rapid Seniors"]
[Site "Kuala Lumpur"]
[Date "2023.12.31"]
[Round "6"]
[White "Abdul Rashid, Hasidin"]
[Black "Chong, En Peng"]
[Result "1-0"]
[WhiteElo "1335"]
[BlackElo "1153"]
[PlyCount "58"]
[EventDate "2023.12.31"]
[EventType "swiss (rapid)"]
[EventRounds "7"]
[EventCountry "MAS"]
[SourceTitle "CB02_2024"]
[SourceDate "2024.01.10"]
[SourceVersion "1"]
[SourceVersionDate "2024.01.10"]
[SourceQuality "1"]

1. c4 f5 2. g3 e5 3. Bg2 Nc6 4. e3 Nf6 5. Ne2 d6 6. Nbc3 Be6 7. b3 Qd7 8. 0-0 d5 9. cxd5 Bxd5 10. Nxd5 Nxd5 11. Bb2 Be7 12. d4 e4 13. a3 0-0-0 14. Nc3 Qe6 15. Qc2 Kb8 16. b4 Bf6 17. Na4 h5 18. Nc5 Qf7 19. Rac1 g5 20. Nxb7 Nce7 21. Nxd8 Rxd8 22. Qc4 Rd6 23. Qb5+ Kc8 24. Rc5 Rb6 25. Qc4 Qe6 26. Rc1 Kd7 27. Qb3 Ke8 28. Qa4+ Qd7 29. Qxa7 Nc8 1-0